000 01794cam a2200301 i 4500
001 110470
005 20230410130741.0
008 130611s2008 enka g 001 0 eng d
020 _a9781848090385
020 _a1848090383
041 0 _aeng
050 1 4 _aPN 6121
_bG786 2008
245 0 0 _aGreat speeches of the 20th century /
_cedited by Tom Clark ; foreword Germaine Greer
246 3 _aGreat speeches of the twentieth century
260 _aLondon :
_bPreface,
_c2008.
300 _a288 p. :
_bill. ;
_c21 cm.
440 0 _aTheguardian
500 _a"Here are fourteen key speeches from the 20th century, introduced by prominent contemporary figures. They will remind you how, in the right hands, words can change the world" T.p. cover
505 0 _aIntroduction--- Emmeline Pankhust (Freedom or death)--- Virginia Woolf (Shakespeare;s sister)--- Franklin D. Roosevelt (The only thing we have to fear is fear itself)--- Winston Churchill (We shall fight on the beaches)--- Charles de Gaulle (The flam of french resistance)--- Jawaharlal Nehru(A tryst with destiny)--- Nikita Khrushchev (The cult of the individual)--- Aneurin Bevan (Weapons for squalid and trivial ends)--- Harold Macmillan (The wind of change)--- John F. Kennedy (Ask not what your country can do for you)--- Martin Luther King ( I have a dream)--- Nelson Mandela (An ideal for which I am prepared to die)--- Margaret Thatcher (The lady's not for turning)--- Earl Spencer ( The most hunted person of the modern age)
650 0 _aSpeeches, addresses, etc., American.
650 0 _aSpeeches, addresses, etc.
_y20th century.
650 0 _aPresidents
_zUnited States
_vMessages.
650 0 _aPolitical oratory
700 1 _aClark, Tom,
_d1976-
700 1 _aGreer, Germaine
942 _2lcc
_cbk
946 _aPP
999 _c79721
_d79721